<The> power of X-Y grids.

Uplatnenie siete XY vytvorenej údajne Descartesom v 16. storočí, ako vizuálneho systému porovnanie dvoch hodnôt. Aplikácia pri strednom stupni počítačovej vybavenosti v rámci tzv. elektronických konferenčných systémov (EMS). Umožňuje rýchle zhodnotiť rýchlosť a správnosť postupu pri hľadaní riešenia...

Ausführliche Beschreibung

Gespeichert in:
Bibliographische Detailangaben
1. Verfasser: Finley, M.
Format: Buchkapitel
Sprache:Englisch
Schlagworte:
Tags: Tag hinzufügen
Keine Tags, Fügen Sie das erste Tag hinzu!

MARC

LEADER 00000naa a2200000 4500
001 r006716
005 20221213084435.0
041 0 |a eng 
044 |a US 
245 1 0 |a <The> power of X-Y grids.  |c M. Finley 
520 |a Uplatnenie siete XY vytvorenej údajne Descartesom v 16. storočí, ako vizuálneho systému porovnanie dvoch hodnôt. Aplikácia pri strednom stupni počítačovej vybavenosti v rámci tzv. elektronických konferenčných systémov (EMS). Umožňuje rýchle zhodnotiť rýchlosť a správnosť postupu pri hľadaní riešenia formou konferencie a tým podstatne znižuje náklady na časy konferencií. Ukážky riešení problémov za použitia tejto pomôcky aj čisto manuálne. 
610 2 0 |a metódy matematické 
610 2 0 |a konferencie 
100 1 |a Finley, M.